000 01176nam a22002415i 4500
001 165144
003 ES-MaACL
005 20250807210536.0
008 050816s1889 sp | |||||||| ||spa d
040 _aCAM
_bspa
_cCAM
110 2 _aInstitución para la Enseñanza de la Mujer (
_cValencia)
_9134511
245 1 0 _aApertura del curso de 1889-90.
260 _aValencia :
_b[s.n.],
_c1889 (
_fImprenta de Francisco Vives y cª)
300 _a23, 14 p. ;
_c25 cm.
505 8 _aContiene: Memoria del curso de 1888 á 1889 / por Aniceto Sela (23 p.) y "La mujer en el siglo XIX : discurso leído en el acto de la apertura del curso de 1889 á 1890 de la Institución para la Enseñanza de la Mujer / por Joaquin Pardo de la Casta", con portadilla propia (14 p.)
594 _aTit. tomado de la cub. original.
596 _aLa fecha del pie de imp. consta en la cub. original.
650 4 _aMujeres-
_xEducación
_912094
700 1 _aPardo de la Casta, Joaquín.
_9130836
700 0 _aSela, Aniceto (
_d1863-1935)
_9105285
852 _aES-MaACL
_jT-522-F-1
_z-- Enc. hol. conservando la cub. original
_z-- Enc. en un vol. facticio
999 _c165144
_d165144